000 01556nam a2200325 i 4500
003 EG-GICUC
005 20260423090811.0
008 260423s1885 fr ||||fr|||| 000 0 eng d
040 _aEG-GiCUC
_bfre
_cEG-GiCUC
_dEG-GiCUC
_eRda
041 0 _afre
082 0 4 _221
_a343.425
_b FA . C
092 0 4 _221
099 _aLaw1 10 343.425 FA . C 4 ed - 1885
100 1 _aFaivre, Albert
_eAuteur
245 1 0 _aCode-manuel De La Presse:
_bContenant: Le Texte Des Lois Du 29 Juillet 1881 Et Du 4 Août Article Par Article, La Législation Antérieure, Le Résumé De La Discussion AU Parlement, Le Commentaire D'après Les Documents Officiels, La Doctrine Et La Jurisprudence, UN Appendice Comprenant Les Principaux Textes Abrogés Ou Maintenus: Les Circulaires Des Ministres De La Justice Et De L'intérieur; Une Table Alphabétique Et Analytique,
_cPar Mm. Albert Faivre: Edmond Benoit-lévy :Précédé D'une Lettre-préface Par M. Charles Floquet.
250 _aQuatrième Edition
264 1 _aParis:
_bLibrairie Cotillon F. Pichon, Successeur, Imprimeur-éditeur,
_c1885.
300 _a378 page :
_billustration ;
_c 24 cm.
336 _2rda contenu
_a texte
337 _2rda medias
_aOrdinateur
338 _2 transporteur rda
_a Ressource en ligne
546 _aTexte en français
650 1 _aDroit pénal
_2qrmak
651 1 _2qrmak
700 1 _aEdmond Benoit-lévy
_eAuteur
700 1 _aM. Charles Floquet
_ePréfacier
856 4 0 _uhttps://fll.law.cu.edu.eg/fulltext/bks/B10-11260.pdf
905 _a158
942 _2ddc
_n0
_cBK
_e21
999 _c72950
_d72950